| 000 | 00701nam a22002537a 4500 | ||
|---|---|---|---|
| 003 | CHAP | ||
| 005 | 20220329134458.0 | ||
| 008 | 971013s r 00010 d | ||
| 010 | _a20961 | ||
| 011 | _a21933 | ||
| 035 | _a26024 | ||
| 040 | _cCHAP | ||
| 090 | _aR-127 | ||
| 100 | 0 | 0 |
_aDore, W. G. _934004 |
| 245 | _aSupposed natural hybrid between Agropyron and Hystrix | ||
| 500 | _aSobretiro de : Canadian Field-Naturalist. 64(1):39-41, 1950 | ||
| 590 |
_aBATCH-UPD _b10 _c20130110 _lUCH01 _h2217 |
||
| 590 |
_aCONVERSION _b10 _c20130109 _lUCH01 _h1312 |
||
| 650 | 1 | 4 |
_aAgropiro. _92211 |
| 650 | 1 | 4 |
_aHystrix. _957122 |
| 901 | _aBK | ||
| 942 | _cREIMP | ||
| 949 |
_bBC _cR _d-60134 _eTS1 _i26024 _si |
||
| 999 |
_c20961 _d20961 |
||